| 000 | 00353pab a2200145 454500 | ||
|---|---|---|---|
| 008 | 180718b1991 xxu||||| |||| 00| 0 eng d | ||
| 100 | _aMaxwell, Robert J. | ||
| 245 | _aThe present is appalling, the future bleak | ||
| 260 | _c1991 | ||
| 300 | _a11-13 | ||
| 362 | _aMar.-Apr. | ||
| 650 | _aHealth Services | ||
| 773 | _aWorld Health | ||
| 909 | _a10075 | ||
| 999 |
_c10075 _d10075 |
||